000 00245nam a2200121Ia 4500
100 _aDept of Humanities
942 _cBK
245 _aApplied Mathematics II (notes)
260 _b#N/A
_c2012
300 _a59
546 _aENGLISH
999 _c35417
_d35417